[Event "Sudeste/Centro-Oeste-ch U1600"]
[Site "Barbacena"]
[Date "2019.10.26"]
[Round "3"]
[White "Salim, Joao Pedro Miranda"]
[Black "Vale, Paulo Cesar"]
[Result "1-0"]
[WhiteElo "1457"]
[BlackElo "1800"]
[PlyCount "93"]
[EventDate "2019.10.25"]
[EventType "swiss"]
[EventRounds "6"]
[EventCountry "BRA"]
[SourceTitle "CBM 193 Extra"]
[Source "ChessBase"]
[SourceDate "2020.01.31"]
[SourceVersion "1"]
[SourceVersionDate "2020.01.31"]
[SourceQuality "1"]

1. e4 e6 2. d4 d5 3. Nd2 c5 4. Ngf3 Nc6 5. exd5 exd5 6. dxc5 Bxc5 7. Nb3 Bb6 8. Bb5 Nge7 9. 0-0 0-0 10. h3 Be6 11. c3 Qc7 12. Nbd4 Nxd4 13. Nxd4 Nc6 14. Be3 Nxd4 15. Bxd4 Rad8 16. Re1 Bxd4 17. Qxd4 Qb6 18. Qxb6 axb6 19. Red1 Ra8 20. a4 Rfd8 21. Rd4 Bd7 22. Bxd7 Rxd7 23. Rad1 Rad8 24. c4 Ra8 25. cxd5 Rd6 26. Rc4 h6 27. b3 Ra5 28. Rc7 b5 29. Rc5 b6 30. Rxb5 Rxb5 31. axb5 g6 32. f4 Kg7 33. Kf2 Kf6 34. Ke3 Ke7 35. Kd4 f5 36. Rc1 Kd7 37. Rc6 Rxc6 38. bxc6+ Kd6 39. c7 Kxc7 40. Ke5 Kd7 41. h4 h5 42. g3 b5 43. b4 Ke7 44. d6+ Kd7 45. Kd5 Kd8 46. Kc6 Kc8 47. Kxb5 1-0